| 000 | 00672nam a22002177a 4500 | ||
|---|---|---|---|
| 005 | 20141202111444.0 | ||
| 008 | 131221b xxu||||| |||| 00| 0 eng d | ||
| 020 | _a9780071221795 | ||
| 050 |
_aT 353 _b.B4515 2011 |
||
| 100 | _aBertoline, Gary R. | ||
| 245 |
_aFundamentals of graphics communication / _cGary R. Bertoline, [et. al.]. |
||
| 250 | _a6th ed. | ||
| 260 |
_aLondon : _bMcGraw Hill, _c2011. |
||
| 300 |
_axxi, 684 p. _c24 cm. |
||
| 504 | _aIncludes Index. | ||
| 650 |
_aEngineering graphics _xTextbooks. |
||
| 700 |
_aWiebe, Eric N. _eauthor. |
||
| 700 |
_aHartman, Nathan W. _eauthor. |
||
| 700 |
_aRoss, William A. _eauthor. |
||
| 942 |
_2lcc _cBK _kFOR |
||
| 999 |
_c25888 _d25888 |
||